Fits and starts : the premature memoirs of /

Bibliographic Details
Main Author: Ward, Andrew, 1946-
Format: Book
Language:English
Published: Boston : Little, Brown, [1978]
Edition:1st ed.
Subjects:

MARC

Tag First Indicator Second Indicator Subfields
LEADER 00000cam a22000008i 4500
001 in00000595387
005 20151014164404.0
008 771216s1978 mau 00010aeng
010 |a  77018850  
020 |a 0316921998 
035 |a (OCoLC)03543412 
035 |9 ACS3825AM 
040 |a DLC  |c DLC  |d TXA  |d UtOrBLW 
043 |a n-us--- 
049 |a TXAM  |c [974748] 
050 0 0 |a CT275.W27446  |b A33 
082 0 |a 973.92/092/4  |a B 
100 1 |a Ward, Andrew,  |d 1946- 
245 1 0 |a Fits and starts :  |b the premature memoirs of /  |c Andrew Ward. 
250 |a 1st ed. 
264 1 |a Boston :  |b Little, Brown,  |c [1978] 
264 4 |c ©1978 
300 |a xi, 177 pages ;  |c 22 cm. 
336 |a text  |b txt  |2 rdacontent 
337 |a unmediated  |b n  |2 rdamedia 
338 |a volume  |b nc  |2 rdacarrier 
500 |a "An Atlantic Monthly Press book." 
600 1 0 |a Ward, Andrew,  |d 1946- 
651 0 |a United States  |v Biography. 
999 |a MARS 
999 f f |s ab2950f7-9d25-308c-abac-86f6da28fd3f  |i a2f8c7f8-173a-3240-8440-975359743d88  |t 0 
952 f f |p ric  |a Texas A&M University  |b Rellis Campus  |c Joint Library Facility  |d Remote Storage  |t 0  |e CT275.W27446 A33  |h Library of Congress classification  |i unmediated -- volume  |m A14801859611 
998 f f |a CT275.W27446 A33  |t 0  |l Remote Storage